<?xml version="1.0" encoding="UTF-8"?>
<record
    xmlns:xsi="http://www.w3.org/2001/XMLSchema-instance"
    xsi:schemaLocation="http://www.loc.gov/MARC21/slim http://www.loc.gov/standards/marcxml/schema/MARC21slim.xsd"
    xmlns="http://www.loc.gov/MARC21/slim">

  <leader>02223njm a2200421Ia 4500</leader>
  <controlfield tag="001">83476</controlfield>
  <controlfield tag="003">IT-RoPAU</controlfield>
  <controlfield tag="005">20220918181122.0</controlfield>
  <controlfield tag="008">131025s9999    xx            000 0 und d</controlfield>
  <datafield tag="040" ind1=" " ind2=" ">
    <subfield code="a">IT-RoPAU</subfield>
  </datafield>
  <datafield tag="040" ind1=" " ind2=" ">
    <subfield code="c">IT-RoPAU</subfield>
  </datafield>
  <datafield tag="999" ind1=" " ind2=" ">
    <subfield code="c">99845</subfield>
    <subfield code="d">99845</subfield>
  </datafield>
  <datafield tag="999" ind1=" " ind2=" ">
    <subfield code="b">n.d.</subfield>
  </datafield>
  <datafield tag="100" ind1=" " ind2=" ">
    <subfield code="a">AA.VV.</subfield>
    <subfield code="9">794</subfield>
  </datafield>
  <datafield tag="100" ind1=" " ind2=" ">
    <subfield code="e">Autore musica</subfield>
    <subfield code="9">26264</subfield>
  </datafield>
  <datafield tag="100" ind1=" " ind2=" ">
    <subfield code="g">Codice autore musica SPICS: 12000</subfield>
    <subfield code="9">796</subfield>
  </datafield>
  <datafield tag="245" ind1=" " ind2="2">
    <subfield code="a">A Horse Called Music</subfield>
  </datafield>
  <datafield tag="250" ind1=" " ind2=" ">
    <subfield code="a">1a ed.</subfield>
  </datafield>
  <datafield tag="260" ind1=" " ind2=" ">
    <subfield code="a">HOLLAND</subfield>
  </datafield>
  <datafield tag="260" ind1=" " ind2=" ">
    <subfield code="b">CBS</subfield>
    <subfield code="c">1989 [1a Ed.:1989 - Ed. Lingua Orig.: 1989]</subfield>
  </datafield>
  <datafield tag="300" ind1=" " ind2=" ">
    <subfield code="a">DISCO</subfield>
  </datafield>
  <datafield tag="300" ind1=" " ind2=" ">
    <subfield code="c">39 minuti (Testo: 0 pag.)</subfield>
  </datafield>
  <datafield tag="500" ind1=" " ind2=" ">
    <subfield code="a">Musica strumentale</subfield>
  </datafield>
  <datafield tag="505" ind1=" " ind2=" ">
    <subfield code="a">Nothing I Can Do About It Now (4:00) - The Highway  (4:00) - I Never Cared For You (3:00) - If I Were A Painting (4:00) - Spirit (5:00) - There You Are (4:00) - Mr. Record Man (3:00) - If My World Didn't Have You (4:00) - A Horse Called Music (5:00) - Is the Better Part Over (4:00)</subfield>
  </datafield>
  <datafield tag="650" ind1=" " ind2=" ">
    <subfield code="a">STRUMENTALE [DISCHI]</subfield>
    <subfield code="e">Codice MATERIA SPICS: 9950</subfield>
    <subfield code="9">828</subfield>
  </datafield>
  <datafield tag="700" ind1=" " ind2=" ">
    <subfield code="a">Nelson Willie</subfield>
    <subfield code="g">Codice interprete SPICS: 28598</subfield>
    <subfield code="e">Interprete</subfield>
    <subfield code="9">26265</subfield>
  </datafield>
  <datafield tag="700" ind1=" " ind2=" ">
    <subfield code="a">Chapman B.N.</subfield>
    <subfield code="g">Codice autore musica SPICS: 29328</subfield>
    <subfield code="e">Autore musica</subfield>
    <subfield code="p">Nothing I Can Do About It Now - If My World Didn't Have You</subfield>
    <subfield code="9">26266</subfield>
  </datafield>
  <datafield tag="700" ind1=" " ind2=" ">
    <subfield code="a">Conners T.</subfield>
    <subfield code="g">Codice autore musica SPICS: 29329</subfield>
    <subfield code="e">Autore musica</subfield>
    <subfield code="p">The Highway</subfield>
    <subfield code="9">26267</subfield>
  </datafield>
  <datafield tag="700" ind1=" " ind2=" ">
    <subfield code="a">Wesley R.</subfield>
    <subfield code="g">Codice autore SPICS: 29330</subfield>
    <subfield code="e">Autore</subfield>
    <subfield code="p">The Highway</subfield>
    <subfield code="9">26268</subfield>
  </datafield>
  <datafield tag="700" ind1=" " ind2=" ">
    <subfield code="a">Nelson Willie</subfield>
    <subfield code="g">Codice autore musica SPICS: 28598</subfield>
    <subfield code="e">Autore musica</subfield>
    <subfield code="p">I Never Cared For You - Mr. Record Man - Is the Better Part Over</subfield>
    <subfield code="9">26269</subfield>
  </datafield>
  <datafield tag="700" ind1=" " ind2=" ">
    <subfield code="a">Sampson D.</subfield>
    <subfield code="g">Codice autore musica SPICS: 29331</subfield>
    <subfield code="e">Autore musica</subfield>
    <subfield code="p">If I Were A Painting</subfield>
    <subfield code="9">26270</subfield>
  </datafield>
  <datafield tag="700" ind1=" " ind2=" ">
    <subfield code="a">Ewing S.</subfield>
    <subfield code="g">Codice autore SPICS: 29332</subfield>
    <subfield code="e">Autore</subfield>
    <subfield code="p">If I Were A Painting</subfield>
    <subfield code="9">26271</subfield>
  </datafield>
  <datafield tag="700" ind1=" " ind2=" ">
    <subfield code="a">Robbins R.M.</subfield>
    <subfield code="g">Codice autore musica SPICS: 29333</subfield>
    <subfield code="e">Autore musica</subfield>
    <subfield code="p">Spirit</subfield>
    <subfield code="9">26272</subfield>
  </datafield>
  <datafield tag="700" ind1=" " ind2=" ">
    <subfield code="a">Robinson W.</subfield>
    <subfield code="g">Codice autore SPICS: 29334</subfield>
    <subfield code="e">Autore</subfield>
    <subfield code="p">Spirit</subfield>
    <subfield code="9">26273</subfield>
  </datafield>
  <datafield tag="700" ind1=" " ind2=" ">
    <subfield code="a">Reid M.</subfield>
    <subfield code="g">Codice autore musica SPICS: 29335</subfield>
    <subfield code="e">Autore musica</subfield>
    <subfield code="p">There You Are</subfield>
    <subfield code="9">26274</subfield>
  </datafield>
  <datafield tag="700" ind1=" " ind2=" ">
    <subfield code="a">Fleming K.</subfield>
    <subfield code="g">Codice autore SPICS: 29336</subfield>
    <subfield code="e">Autore</subfield>
    <subfield code="p">There You Are</subfield>
    <subfield code="9">26275</subfield>
  </datafield>
  <datafield tag="700" ind1=" " ind2=" ">
    <subfield code="a">Carson W.</subfield>
    <subfield code="g">Codice autore musica SPICS: 29337</subfield>
    <subfield code="e">Autore musica</subfield>
    <subfield code="p">A Horse Called Music</subfield>
    <subfield code="9">26276</subfield>
  </datafield>
  <datafield tag="942" ind1=" " ind2=" ">
    <subfield code="c">MD</subfield>
    <subfield code="2">ddc</subfield>
  </datafield>
  <datafield tag="952" ind1=" " ind2=" ">
    <subfield code="0">0</subfield>
    <subfield code="1">0</subfield>
    <subfield code="4">0</subfield>
    <subfield code="6">83476_000000000000000</subfield>
    <subfield code="7">1</subfield>
    <subfield code="a">SPICS</subfield>
    <subfield code="b">SPICS</subfield>
    <subfield code="d">2013-10-25</subfield>
    <subfield code="l">0</subfield>
    <subfield code="o">83476</subfield>
    <subfield code="r">2013-10-25 00:00:00</subfield>
    <subfield code="w">2013-10-25</subfield>
    <subfield code="y">MD</subfield>
    <subfield code="z">Progr. Ins.: 21033 / N.Vol.: 1 / Copie: 1 - Copia rara: n.d. / date import: 01.01.2014 - By Epidotti, Trombetti, Vaglietti</subfield>
  </datafield>
</record>
